5 Größte Minderheiten nach Land #1 - Statistiken

Allgemein
  • Dieses Quiz wurde 131 mal gespielt
  • Das Durchschnittsergebnis liegt bei 23 aus 35
Antwortstatistiken
Rang Land % Korrekt
Vereinigte Staaten Mexiko
95%
Germany Türkei
93%
Switzerland, United Kingdom Deutschland
89%
Switzerland, France, Brazil Italien
89%
Brazil Japan
86%
Germany, United Kingdom Polen
86%
Vereinigte Staaten, Australien China
85%
Vereinigte Staaten, Australien, Vereinigtes Königreich, Bahrain Indien
85%
Russia Ukraine
85%
Germany Russland
84%
Switzerland Frankreich
80%
Germany Syrien
78%
France Marokko
76%
Russia, Germany Kasachstan
75%
France Algerien
74%
China Indonesien
74%
Australia Vereinigtes Königreich
74%
United Kingdom, Bahrain Pakistan
72%
China Südkorea
70%
Russia Belarus
68%
Switzerland, France, Brazil Portugal
63%
Australia Neuseeland
62%
United States, Australia Vietnam
62%
United Kingdom Irland
56%
France Tunesien
56%
Bahrain Bangladesch
55%
China Brasilien
55%
Vereinigte Staaten, China, Bahrain Philippinen
51%
China Taiwan
51%
Bahrain Ägypten
48%
Russia Usbekistan
47%
Switzerland Serbien
39%
Brazil Bolivien
28%
Brazil Paraguay
28%
Russia Aserbaidschan
27%
Keine übereinstimmenden Quizze gefunden
Verteilung der Resultate
Anzahl Personen mit jedem Resultat
Perzentil nach korrekt beantworteten Fragen
Ihre Resultats-Entwicklung
Sie haben dieses Quiz noch nicht gespielt